| 000 | 00590nam a2200181Ia 4500 | ||
|---|---|---|---|
| 008 | 090124s9999 xx 000 0 und d | ||
| 082 | _b114122 | ||
| 100 | _aबेडेकर मालतीबाई | ||
| 245 | _a हिरा जो भंगला नाही | ||
| 250 | _a3 | ||
| 260 | _c1971 | ||
| 300 | _a85 | ||
| 600 | _aबेडेकर मालतीबाई | ||
| 630 | _a हिरा जो भंगला नाही | ||
| 700 | _aबेडेकर मालतीबाई | ||
| 730 | _a हिरा जो भंगला नाही | ||
| 942 | _cBOOK | ||
| 999 |
_c160213 _d160213 |
||